<?xml version="1.0" encoding="UTF-8"?>
<record
    xmlns:xsi="http://www.w3.org/2001/XMLSchema-instance"
    xsi:schemaLocation="http://www.loc.gov/MARC21/slim http://www.loc.gov/standards/marcxml/schema/MARC21slim.xsd"
    xmlns="http://www.loc.gov/MARC21/slim">

  <leader>00873nam a2200265 a 4500</leader>
  <datafield tag="999" ind1=" " ind2=" ">
    <subfield code="c">764</subfield>
    <subfield code="d">764</subfield>
  </datafield>
  <controlfield tag="003">AR-BeUNQ</controlfield>
  <controlfield tag="005">20230302202256.0</controlfield>
  <controlfield tag="007">ta</controlfield>
  <controlfield tag="008">221129s2011    ag a          000 0 spa d</controlfield>
  <datafield tag="020" ind1=" " ind2=" ">
    <subfield code="a">9789871652402</subfield>
  </datafield>
  <datafield tag="040" ind1=" " ind2=" ">
    <subfield code="a">AR-BeUNQ</subfield>
    <subfield code="b">spa</subfield>
    <subfield code="c">AR-BeUNQ</subfield>
    <subfield code="e">aacr</subfield>
  </datafield>
  <datafield tag="082" ind1="0" ind2="4">
    <subfield code="2">Es862</subfield>
    <subfield code="a">21</subfield>
  </datafield>
  <datafield tag="100" ind1="1" ind2=" ">
    <subfield code="9">3627</subfield>
    <subfield code="a">Garc&#xED;a Lorca, Federico,</subfield>
    <subfield code="d">1898-1936</subfield>
  </datafield>
  <datafield tag="245" ind1="1" ind2="0">
    <subfield code="a">Bodas de sangre /</subfield>
    <subfield code="c">Federico Garc&#xED;a Lorca</subfield>
  </datafield>
  <datafield tag="250" ind1=" " ind2=" ">
    <subfield code="a">1a ed.</subfield>
  </datafield>
  <datafield tag="260" ind1=" " ind2=" ">
    <subfield code="a">Buenos Aires :</subfield>
    <subfield code="b">Estaci&#xF3;n Mandioca,</subfield>
    <subfield code="c">2011</subfield>
  </datafield>
  <datafield tag="300" ind1=" " ind2=" ">
    <subfield code="a">95 p. :</subfield>
    <subfield code="b">il. ;</subfield>
    <subfield code="c">19 cm.</subfield>
  </datafield>
  <datafield tag="650" ind1=" " ind2="7">
    <subfield code="a">Literatura (Arte)</subfield>
    <subfield code="2">spines</subfield>
  </datafield>
  <datafield tag="651" ind1=" " ind2="7">
    <subfield code="a">Espa&#xF1;a</subfield>
    <subfield code="2">spines</subfield>
  </datafield>
  <datafield tag="655" ind1=" " ind2="7">
    <subfield code="a">Teatro</subfield>
    <subfield code="2">toit</subfield>
  </datafield>
  <datafield tag="929" ind1=" " ind2=" ">
    <subfield code="a">COMPRA</subfield>
    <subfield code="b">Estaci&#xF3;n Mandioca</subfield>
    <subfield code="d">880</subfield>
    <subfield code="e">20221120</subfield>
    <subfield code="f">PAT0079063</subfield>
    <subfield code="h">1</subfield>
    <subfield code="j">60169</subfield>
  </datafield>
  <datafield tag="929" ind1=" " ind2=" ">
    <subfield code="a">COMPRA</subfield>
    <subfield code="b">Estaci&#xF3;n Mandioca</subfield>
    <subfield code="d">880</subfield>
    <subfield code="e">20221120</subfield>
    <subfield code="f">PAT0079064</subfield>
    <subfield code="h">2</subfield>
    <subfield code="j">60170</subfield>
  </datafield>
  <datafield tag="929" ind1=" " ind2=" ">
    <subfield code="a">COMPRA</subfield>
    <subfield code="b">Estaci&#xF3;n Mandioca</subfield>
    <subfield code="d">880</subfield>
    <subfield code="e">20221120</subfield>
    <subfield code="f">PAT0079065</subfield>
    <subfield code="i">3</subfield>
    <subfield code="j">60171</subfield>
  </datafield>
  <datafield tag="942" ind1=" " ind2=" ">
    <subfield code="c">LIB</subfield>
    <subfield code="n">1</subfield>
  </datafield>
  <datafield tag="952" ind1=" " ind2=" ">
    <subfield code="0">0</subfield>
    <subfield code="1">0</subfield>
    <subfield code="a">BIBESET</subfield>
    <subfield code="b">BIBESET</subfield>
    <subfield code="c">circulacion</subfield>
    <subfield code="d">2022-11-29</subfield>
    <subfield code="l">0</subfield>
    <subfield code="o">Es 862 GAR</subfield>
    <subfield code="p">60169</subfield>
    <subfield code="r">2023-03-02</subfield>
    <subfield code="t">1</subfield>
    <subfield code="w">2023-03-02</subfield>
    <subfield code="y">LIB</subfield>
  </datafield>
  <datafield tag="952" ind1=" " ind2=" ">
    <subfield code="0">0</subfield>
    <subfield code="1">0</subfield>
    <subfield code="a">BIBESET</subfield>
    <subfield code="b">BIBESET</subfield>
    <subfield code="c">circulacion</subfield>
    <subfield code="d">2022-11-29</subfield>
    <subfield code="l">0</subfield>
    <subfield code="o">Es 862 GAR</subfield>
    <subfield code="p">60170</subfield>
    <subfield code="r">2023-03-02</subfield>
    <subfield code="t">2</subfield>
    <subfield code="w">2023-03-02</subfield>
    <subfield code="y">LIB</subfield>
  </datafield>
  <datafield tag="952" ind1=" " ind2=" ">
    <subfield code="0">0</subfield>
    <subfield code="1">0</subfield>
    <subfield code="a">BIBESET</subfield>
    <subfield code="b">BIBESET</subfield>
    <subfield code="c">circulacion</subfield>
    <subfield code="d">2022-11-29</subfield>
    <subfield code="l">0</subfield>
    <subfield code="o">Es 862 GAR</subfield>
    <subfield code="p">60171</subfield>
    <subfield code="r">2023-03-02</subfield>
    <subfield code="t">3</subfield>
    <subfield code="w">2023-03-02</subfield>
    <subfield code="y">LIB</subfield>
  </datafield>
</record>
